000
00215 a2200097 4500
020
_a
8435504360
041
_a
spa
100
_a
John buningham
245
_a
Trubloff el Raton que queria tocar la balalaica
942
_c
K
999
_c
27161
_d
27161